| 000 | 00873cam a2200289 i 4500 | ||
|---|---|---|---|
| 001 | 25850 | ||
| 003 | Mx-PuUPA | ||
| 005 | 20240429105704.0 | ||
| 008 | 140415s1990 000 0 spa d | ||
| 020 | _a9501277097 | ||
| 040 |
_cMx-PuUPA _aMx-PuUPA _bspa _dMx-PuUPA _erda |
||
| 041 | _aspa | ||
| 100 | 1 | _a Novaro, Marcos | |
| 245 | 1 | 3 |
_aLa dictadura militar (1976-1983) : _bdel golpe de estado a la restauración democrática |
| 250 | _a1° edición | ||
| 260 |
_a _b _c |
||
| 264 |
_aBuenos Aires, Argentina _bPaidós _c2003 |
||
| 300 |
_a567 páginas : _bilustraciones ; _c23 cm |
||
| 336 |
_2rdacontent _atexto _btxt |
||
| 337 |
_2rdamedia _asin medio _bn |
||
| 338 |
_2rdacarrier _avolumen _bnc |
||
| 502 | _a | ||
| 650 | 1 | 7 |
_a _x _2armarc |
| 942 |
_2ddc _cLI _hxxx _iN935 _n |
||
| 999 |
_c25850 _d25850 |
||